CSGO Major voittajat - Statistics

Yleistilastot
  • Tätä visaa on pelattu 40 kertaa
  • Keskiarvotulos 13 / 19
Vastaustilastot
Turnaus Voittaja % Oikein
PGL Major Stockholm 2021 Navi
93%
PGL Major Antwerp 2022 FaZe
90%
ESL One: Cologne 2014 Ninjas in pyjamas
90%
ELEAGUE Major Atlanta 2017 Astralis
87%
FACEIT Major: London 2018 Astralis
87%
IEM XIII - Katowice Major 2019 Astralis
87%
StarLadder Berlin Major 2019 Astralis
87%
BLAST.tv Paris Major 2023 Vitality
80%
DreamHack Winter 2013 Fnatic
73%
ESL One: Katowice 2015 Fnatic
73%
ESL One: Cologne 2015 Fnatic
73%
ELEAGUE Major Boston 2018 Cloud9
67%
ESL Major Series One Katowice 2014 Virtuspro
60%
IEM Rio Major 2022 Outsiders
47%
PGL Major Kraków 2017 Gambit
43%
ESL One: Cologne 2016 SK
43%
DreamHack Open Cluj⁠-⁠Napoca 2015 Envy
37%
DreamHack Winter 2014 LDLC
33%
MLG Major Championship: Columbus 2016 LG
20%
Ehtoja vastaavia visoja ei löytynyt
Tulosjakauma
Jokaisen tuloksen saaneiden osuus
Persentiili vastausten määrän mukaan
Tuloshistoriasi
Et ole pelannut tätä visaa